000
00271nam a2200109Ia 4500
008
190216s9999||||xx |||||||||||||| ||und||
100
_a
Satheesh Chandran
245
0
_a
Ningalude Kannugal
260
_b
Kerala Sasthra Sahithya Parishad
650
_a
Malayalam
942
_c
BK
999
_c
25500
_d
25500